000 00485nam a2200157Ia 4500
003 GCL
008 140319s9999 xx 000 0 eng d
040 _aGCL /
_cGCL
082 0 4 _a628.092
_bM I
100 1 _aMASTERS, GILBERT
245 1 0 _aINTRODUCTION TO ENVIRONMENTAL ENGINEERING AND SCIENCE /
_cMASTERS, GILBERT
260 _a[S.N] :
_bPRENTIC- HALL OF INDIA PRIVTE LIMITED ،
_c1994
650 0 4 _aENVIRONMENTAL ENGINEERING
650 0 4 _aENVIRONMENTAL CHEMISTRY
942 _2ddc
_cBK
999 _c10802
_d10802